00437nmm a2200145Ia 4500008004100000020001800041041000800059100003800067245003300105264004300138300001800181490002200199650001900221856005100240251105s9999||||xx |||||||||||||||||und|| a9788483593578 aspa aNúñez San Francisco, Aníbal 0aPoesía reunida (1967-1987) a[Madrid, España] :bCalambur, c2015 a722 páginas aCalambur Poesía aSpanish poetry uhttps://public.digitaliapublishing.com/a/39826